| 000 | 00499nam a2200181Ia 4500 | ||
|---|---|---|---|
| 999 |
_c1621 _d1621 |
||
| 003 | OSt | ||
| 005 | 20210121104825.0 | ||
| 008 | 190216s9999||||xx |||||||||||||| ||und|| | ||
| 020 | _a9788178881317 | ||
| 040 | _coclc | ||
| 082 |
_a596 _bKAI/C |
||
| 100 |
_aKainth, Muneesh _98318 |
||
| 245 | 0 |
_aChordate Embryology / _cMuneesh Kainth |
|
| 260 |
_bDominant Publications, _aNew Delhi: _c2003. |
||
| 300 | _a485p | ||
| 650 | _aBotany | ||
| 942 |
_cBK _2ddc _h596 _iKAI/C _k596 _mKAI/C |
||